Rema mar adentro: encuentros bíblicos desde la Lectio Divina para una Nueva Evangelización
Guardat en:
| Autor corporatiu: | |
|---|---|
| Format: | Llibre |
| Idioma: | espanyol |
| Publicat: |
Pamplona
Verbo Divino
2013
|
| Edició: | 1a. ed |
| Col·lecció: | Leemos. Compartimos. Oramos, 2
|
| Matèries: | |
| Etiquetes: |
Afegir etiqueta
Sense etiquetes, Sigues el primer a etiquetar aquest registre!
|
MARC
| LEADER | 00000cam a2200000 a 4500 | ||
|---|---|---|---|
| 001 | UCD9453 | ||
| 003 | CL-VaPUC | ||
| 008 | 170626e20130000sp |||||||||||||||||spa|d | ||
| 020 | |a 9788499456294 | ||
| 082 | 0 | 4 | |a 266 |b EQU |2 21 |
| 110 | 2 | |a Equipo Bíblico Verbo |e author |9 593174 | |
| 245 | 1 | 0 | |a Rema mar adentro: encuentros bíblicos desde la Lectio Divina para una Nueva Evangelización |
| 250 | |a 1a. ed | ||
| 300 | |a 171 p | ||
| 942 | |c BK | ||
| 945 | |d 20170626 01:10:00 |a dcastane | ||
| 260 | |a Pamplona |b Verbo Divino |c 2013 | ||
| 650 | 7 | |a EVANGELIZACION |2 CL-VaPUC |9 593175 | |
| 583 | |a last modification |c 20170626 01:10:00 |k Rodrigo Vera | ||
| 490 | 0 | |a Leemos. Compartimos. Oramos, 2 | |
| 999 | |c 368644 |d 368642 | ||
| 952 | |0 0 |1 0 |3 erb |4 0 |6 266_000000000000000_EQU_2013 |7 0 |8 A |9 484012 |a BIBTEO |b BIBTEO |i 5399327 |o 266 EQU 2013 |p 5399327 |r 2025-01-17 |w 2019-11-24 |y BK |z Catalogado en:20170626 |k ICR | ||